Państwa kończące się cząstką -ka - Statystyki

Ogólne statystyki
  • Ten quiz został rozwiązany 101 razy
    98 od ostatniego zresetowania
  • Średni wynik to 5 z 9
Statystyki odpowiedzi
Kontynent Państwo % Poprawnych
Europa Polska
89%
Ameryka Północna Dominika
67%
Ameryka Północna Kostaryka
66%
Ameryka Północna Jamajka
48%
Azja Arabia Saudyjska
46%
Afryka Republika Środkowoafrykańska
46%
Afryka Republika Zielonego Przylądka
39%
Afryka Południowa Afryka
37%
Azja Sri Lanka
30%
Nie znaleziono quizów pasujących do podanych kryteriów
Rozkład punktacji
Procent ludzi z każdym wynikiem
Percentyl według liczby udzielonych odpowiedzi
Twoja historia wyników
Nie rozwiązałeś tego quizu od ostatniego zresetowania